| 000 | 00972nam a2200277 4500 | ||
|---|---|---|---|
| 003 | EG-GICUC | ||
| 005 | 20260212131716.0 | ||
| 008 | 260212s1974 sz ||||fr|||| 00| 0 ara d | ||
| 040 |
_a EG-GICUC _bara _c EG-GICUC _d EG-GICUC _erda |
||
| 041 | 0 | _aara | |
| 082 | 0 | 4 |
_221 _a341.65 _bر ض . ل |
| 092 | 0 | 4 | _221 |
| 099 | _aLaw1 11 341.65 ر ض . ل 1974 | ||
| 100 | 0 |
_aرضا فوزي شلبي _eAuthor. |
|
| 245 | 1 | 2 |
_aاللجنة الدولية للصليب الأحمرر والعالم العربي / _cرضا فوزي شلبي. |
| 264 | 1 |
_aجينيف : _bالناشر غير محدد]، _c1974. |
|
| 300 |
_a46 ؛ صفحة _c24 سم |
||
| 336 |
_2rda content _atext |
||
| 337 |
_2rda media _aComputer |
||
| 338 |
_2rda carrier _aOnline Resource |
||
| 546 | _aالنص باللغة العربية | ||
| 650 | 1 | 4 | _aالقانون الدولي العام |
| 856 | 4 | 0 | _uhttps://fll.law.cu.edu.eg/fulltext/bks/B11-07721.pdf |
| 905 | _a30 | ||
| 942 |
_2ddc _cBK _e21 _n0 |
||
| 999 |
_c62789 _d62789 |
||